Responses for Show #5832 - Tuesday, January 12, 2010

Jason Zollinger game 1.

Contestants

[<< previous game]

Jason Zollinger, an engine assembler from South Dayton, New York

Jennie Burroughs, a college librarian from Missoula, Montana

Mariann Cook Andrews, an outreach specialist from Tumwater, Washington (whose 1-day cash winnings total $23,400)

[next game >>]

Jeopardy! Round responses

FAMOUS SHAMUS
OBSCURE JANUARY HOLIDAYS & OBSERVANCES
THE WORLD OF POLITICS
ON THE MONEY
UNREAL ESTATE
MAKE A "DOWN" PAYMENT
    $200 12
Sherlock Holmes

Mariann
    $200 17
fruitcake

Mariann
    $200 23
Afghanistan

Mariann
    $200 11
Jefferson

Jennie
    $200 1
It's a Wonderful Life

Mariann
    $200 6
a touchdown

Jennie
    $400 13
(Mariann: Who is Sam Spade?)
...
(Alex: Sam Spade was Dashiell Hammett.)

Mike Hammer

MariannJennie
    $400 18
penguins

Jason
    $400 24
Nelson Mandela

Jennie
    $400 19
the U.S. Treasury

Mariann
    $400 2
Lake Wobegon

Jennie
    $400 7
Downing

Mariann
    $600 14
Sue Grafton

Mariann
    $600 20
New Year's resolutions

Mariann
    $600 25
Zimbabwe

Jason
    $600 26
(Ulysses) Grant

Jason
    $600 3
To Kill a Mockingbird

Mariann
    $600 8
download

Jennie
    $800 15
Miss Marple

Jennie
    $800 21
pie

Mariann
    $800 29
(Bill) Richardson

Jason
    $2,600 27
Independence Hall

Jason
    $800 4
Main Street

Mariann
    $800 9
a showdown

Mariann
    $1000 16
Spenser

Triple Stumper
    $1000 22
a kazoo

Mariann
    $1000 30
Chile

Triple Stumper
    $1000 28
(Jennie: Who is Homer?)
(Jason: Who is Ovid?)

Virgil

JennieJason
Triple Stumper
    $1000 5
Xanadu

Jennie
    $1000 10
a hoedown

Jason

Scores at the first commercial break (after clue 14):

Mariann Jennie Jason
$3,200 $2,800 $1,000

Scores at the end of the Jeopardy! Round:

Mariann Jennie Jason
$6,400 $3,000 $5,000

Double Jeopardy! Round responses

FAMOUS AMOS
THE NATIONAL GALLERY OF ART
COLORS ON THE MAP
DRINK SOME "T"
IWO JIMA
SUPERLATIVES
    $400 21
Amos & Andrew

Triple Stumper
    $400 1
Thomas Paine

Jason
    $400 8
Black

Mariann
    $400 20
tequila

Jason
    $400 2
1945

Mariann
    $400 13
the fastest gun

Jason
    $800 23
Tori Amos

Jennie
    $800 4
Daniel

Jason
    $800 9
Yellow

Jennie
    $800 22
tomato juice

Mariann
    $800 3
the Marines

Mariann
    $800 14
(Jason: What is a knife?)
(Alex: Be more specific. No? Okay.)

the sharpest knife

JennieJason
    $1200 27
John Amos

Mariann
    $1200 15
(Mariann: Who is Gilbert?)

(Gilbert) Stuart

MariannJason
    $1200 10
Blue

Jennie
    $1200 24
tonic water

Mariann
    $6,200 5
(Alex: Good for you. Marines are gonna love you.)

Arlington National Cemetery

Jason
    $1200 16
playing the world's smallest violin

Jennie
    $1600 28
Amos Alonzo Stagg

Jason
    $1600 17
(Winslow) Homer

Jason
    $1600 11
Silver

Mariann
    $1600 25
Tanqueray

Jennie
    $1600 6
Suribachi

Jason
    $4,000 18
the lowest common denominator

Jason
    $2000 29
Wally Amos

Triple Stumper
    $2000 30
(Mariann: Who was Welker?)

John Constable

Mariann
Triple Stumper
    $2000 12
White

Jason
    $2000 26
(Mariann: What is KahlĂșa?)

Tia Maria

MariannJennie
    $2000 7
Ira Hayes

Triple Stumper
    $2000 19
Worst-Case

Jennie

Scores at the end of the Double Jeopardy! Round:

Mariann Jennie Jason
$7,600 $13,400 $24,400

[wagering suggestions for these scores]

Final Jeopardy! Round responses

FAMOUS WOMEN
MariannWho is Sally Ride
$7,500
JennieWho is Sally Ride?
$13,000
JasonWho is Sally Ride?
$2,401
Sally Ride

Final scores:

Mariann Jennie Jason
$15,100 $26,400 $26,801
3rd place: $1,000 2nd place: $2,000 New champion: $26,801

Game dynamics:

Coryat scores:

Mariann Jennie Jason
$7,600 $13,400 $15,200
20 R,
4 W
16 R,
1 W
17 R
(including 3 DDs),
2 W

Combined Coryat: $36,200

[game clues] [game scores] [suggest correction]

Game tape date: 2009-11-17
The J! Archive is created by fans, for fans. Scraping, republication, monetization, and malicious use prohibited; this site may use cookies and collect identifying information. See terms. The Jeopardy! game show and all elements thereof, including but not limited to copyright and trademark thereto, are the property of Jeopardy Productions, Inc. and are protected under law. This website is not affiliated with, sponsored by, or operated by Jeopardy Productions, Inc. Join the discussion at JBoard.tv.